Loading...
| Religion | 0 | 9 | 0 | 1 | 90 | 59 | 94.33 | 5 | 9 |
| History - American History | 0 | 7 | 0 | 1 | 70 | 79 | 95.00 | 2 | 7 |
| Mythology | 0 | 6 | 0 | 0 | 60 | 76 | 102.17 | 4 | 6 |
| Science - Biology | 0 | 6 | 0 | 1 | 60 | 94 | 103.50 | 3 | 6 |
| Social Science | 0 | 6 | 0 | 1 | 60 | 91 | 109.50 | 1 | 6 |
| Science - Other Science | 0 | 6 | 1 | 0 | 55 | 60 | 80.50 | 4 | 6 |
| History - Other History | 0 | 5 | 1 | 0 | 45 | 85 | 103.20 | 3 | 5 |
| History - World History | 0 | 6 | 3 | 1 | 45 | 54 | 87.67 | 3 | 6 |
| Fine Arts - Painting and Sculpture | 0 | 4 | 0 | 0 | 40 | 105 | 113.75 | 1 | 4 |
| Science - Chemistry | 0 | 4 | 1 | 2 | 35 | 76 | 112.25 | 2 | 4 |
| Fine Arts - Other Fine Arts | 0 | 3 | 0 | 1 | 30 | 84 | 101.67 | 2 | 3 |
| Science - Physics | 0 | 3 | 0 | 0 | 30 | 47 | 84.00 | 3 | 3 |
| History - European History | 0 | 3 | 0 | 0 | 30 | 44 | 75.00 | 3 | 3 |
| Philosophy | 0 | 3 | 0 | 0 | 30 | 100 | 112.00 | 1 | 3 |
| Literature - European Literature | 0 | 2 | 0 | 0 | 20 | 50 | 59.00 | 2 | 2 |
| Geography | 0 | 2 | 0 | 0 | 20 | 48 | 54.00 | 2 | 2 |
| Literature - American Literature | 0 | 2 | 0 | 0 | 20 | 74 | 82.50 | 1 | 2 |
| Literature - World Literature | 0 | 2 | 0 | 0 | 20 | 125 | 128.50 | 0 | 2 |
| Literature - British Literature | 0 | 2 | 1 | 0 | 15 | 109 | 120.50 | 0 | 2 |
| Pop Culture | 0 | 1 | 0 | 0 | 10 | 64 | 64.00 | 1 | 1 |
| Current Events | 0 | 1 | 0 | 1 | 10 | 136 | 136.00 | 0 | 1 |
| Fine Arts - Classical Music | 0 | 1 | 0 | 0 | 10 | 106 | 106.00 | 1 | 1 |